000 00633cam a2200145 4500500
005 20260111141918.0
041 _afre
042 _adc
100 1 0 _aMoureau, François
_eauthor
245 0 0 _aSergueï V. Korolev, La Bibliothèque de Diderot. Vers une reconstitution, Ferney-Voltaire, Centre international d’étude du 18e siècle, coll. « Archives de l’Est », 2014, 132 p., ill.
260 _c2015.
500 _a56
786 0 _nDix-huitième siècle | 47 | 1 | 2015-06-17 | p. XLVIII-XLVIII | 0070-6760
856 4 1 _uhttps://shs.cairn.info/revue-dix-huitieme-siecle-2015-1-page-XLVIII?lang=fr&redirect-ssocas=7080
999 _c1635072
_d1635072